000 00250nam a2200097Ia 4500
008 200302s9999 xx 000 0 und d
100 _aRoger Yee
245 _aEducational Environments 4
260 _bVisual Reference Publications Inc.
300 _a248 P.,
999 _c5745
_d5745